000 00633nam a2200181Ia 4500
008 100920s9999 xx 000 0 und d
082 _b59388
_a891.464 थ 85
100 _aबेडेकर विश्राम.
245 _aसीलिसबर्गची पत्रे.
260 _bपॉप्युलर प्रकाशन, मुंबई.
_c1985
300 _a60
_bसाधी
365 _b30
520 _aनिबंध.
630 _aसीलिसबर्गची पत्रे.
650 _aनिबंध.
730 _aसीलिसबर्गची पत्रे.
942 _cBOOK
999 _c702813
_d702810